000 00578nam a2200217Ia 4500
003 OSt
005 20220928145531.0
006 a|||||r|||| 00| 0
007 ta
008 220927b |||||||| |||| 00| 0 eng d
024 _a81056
037 _cTextual
040 _aSDCL
_cSDCL
_beng
041 _2eng
_aeng
082 _aO-,2K:g, M5
100 _aBelsey Catherine
_9433913
245 0 _aSubject of tragedy
_b Identity and difference in renaissance drama.
260 _c1985
942 _hO-,2K:g, M5
_cTEXL
_2CC
999 _c833931
_d833931